Sơ đồ hạch toán bài tập và lập báo cáo tài chính doanh nghiệp ; Nội dung, phương pháp lập và bài tập báo cáo tài chính doanh nghiệp

Sách hướng dẫn và phản ánh tất cả các phần hành hạch toán kế toán theo từng tài khoản, theo từng nội dung nghiệp vụ kinh tế phát sinh, từ hạch toán chi tiết đến hạch toàn tổng hợp và theo từng ngành kinh tế (công nghiệp, xây lắp, kinh doan...

全面介紹

Đã lưu trong:
書目詳細資料
主要作者: Phạm, Xuân Lực
格式: 圖書
語言:Undetermined
出版: Hà Nội Thống Kê 1997
主題:
標簽: 添加標簽
沒有標簽, 成為第一個標記此記錄!
Thư viện lưu trữ: Trung tâm Học liệu Trường Đại học Cần Thơ
LEADER 01236nam a2200217Ia 4500
001 CTU_16888
008 210402s9999 xx 000 0 und d
020 |c 25000 
082 |a 658.1511 
082 |b L552/T.3 
100 |a Phạm, Xuân Lực 
245 0 |a Sơ đồ hạch toán bài tập và lập báo cáo tài chính doanh nghiệp ; 
245 0 |b Nội dung, phương pháp lập và bài tập báo cáo tài chính doanh nghiệp 
245 0 |c Phạm Xuân Lực 
260 |a Hà Nội 
260 |b Thống Kê 
260 |c 1997 
520 |a Sách hướng dẫn và phản ánh tất cả các phần hành hạch toán kế toán theo từng tài khoản, theo từng nội dung nghiệp vụ kinh tế phát sinh, từ hạch toán chi tiết đến hạch toàn tổng hợp và theo từng ngành kinh tế (công nghiệp, xây lắp, kinh doanh hàng hóa và lao vụ, dịch vụ...). Trong từng sơ đồ hạch toán đều có số liệu ví dụ minh họa 
650 |a Managerial accounting 
904 |i Nguyên sửa 
980 |a Trung tâm Học liệu Trường Đại học Cần Thơ